| 000 | 00463nam a2200157Ia 4500 | ||
|---|---|---|---|
| 005 | 20250306051301.0 | ||
| 008 | 240331s9999 xx 000 0 und d | ||
| 082 |
_bMEE _21543 _a920 |
||
| 100 | _aMeenadchi S. T. P | ||
| 245 | 0 | _aKavignar Rabindranath Tagore | |
| 250 | _a4th Edition | ||
| 260 |
_aChennai, _bNew Century Book House Private Limited _c1991 |
||
| 300 | _a176 p., | ||
| 500 | _aLife and works of the Bengali polymath, Rabindranath Tagore. | ||
| 942 | _cL | ||
| 999 |
_c4239 _d4239 |
||